<The> support of social inclusion objectives in the European Union
Enregistré dans:
| Auteur principal: | |
|---|---|
| Format: | Chapitre de livre |
| Langue: | anglais |
| Sujets: | |
| Tags: |
Pas de tags, Soyez le premier à ajouter un tag!
|
MARC
| LEADER | 00000nla a2200000 4500 | ||
|---|---|---|---|
| 001 | 0184549 | ||
| 005 | 20240502073149.8 | ||
| 041 | 0 | |a eng | |
| 044 | |a SK | ||
| 245 | 1 | 0 | |a <The> support of social inclusion objectives in the European Union |c Gábor Szüdi |
| 610 | 2 | 0 | |a začlenenie sociálne |
| 610 | 2 | 0 | |a vylúčenie sociálne |
| 610 | 2 | 0 | |a chudoba |
| 610 | 2 | 0 | |a Európa |
| 610 | 2 | 0 | |a politika sociálna |
| 610 | 2 | 0 | |a kohézia |
| 100 | 1 | |a Szüdi, Gábor | |